Countries Great Britain Colonized - Statistics

General Stats
  • This quiz has been taken 964 times
    917 since last reset
  • The average score is 44 of 71
Answer Stats
Hint Answer % Correct
2. United States
97%
1. Canada
94%
53. India
92%
60. Australia
90%
61. New Zealand
87%
34. South Africa
87%
50. Pakistan
82%
18. Egypt
81%
26. Kenya
77%
15. Ireland
75%
5. Jamaica
73%
19. Sudan
71%
31. Zimbabwe
71%
54. Bangladesh
70%
65. Fiji
70%
24. Nigeria
70%
42. Iraq
69%
30. Zambia
69%
28. Tanzania
68%
4. The Bahamas
66%
10. Barbados
65%
23. Ghana
64%
40. Israel
64%
52. Sri Lanka
64%
32. Botswana
63%
35. Lesotho
63%
56. Malaysia
63%
55. Myanmar (Burma)
63%
57. Singapore
63%
33. Namibia
62%
47. Oman
62%
25. Somalia
62%
27. Uganda
62%
13. Trinidad and Tobago
61%
46. Yemen
61%
69. Samoa
60%
66. Tonga
60%
3. Belize
59%
20. South Sudan
59%
68. Tuvalu
58%
41. Jordan
57%
14. Guyana
56%
43. Kuwait
56%
64. Nauru
56%
6. Saint Kitts and Nevis
56%
7. Antigua and Barbuda
55%
8. Dominica
55%
45. Qatar
55%
62. Solomon Islands
55%
67. Kiribati
54%
44. Bahrain
53%
39. Cyprus
53%
12. Grenada
53%
17. Malta
53%
70. Marshall Islands
53%
49. Afghanistan
52%
9. Saint Lucia
52%
11. Saint Vincent and the Grenadines
52%
48. United Arab Emirates
52%
63. Vanuatu
52%
51. Maldives
51%
37. Seychelles
51%
29. Malawi
50%
71. Federated States of Micronesia
49%
21. The Gambia
49%
36. Swaziland
48%
58. Brunei
46%
22. Sierra Leone
45%
38. Mauritius
44%
59. Papua New Guinea
44%
16. United Kingdom
33%
No matching quizzes found
Score Distribution
Percent of People with Each Score
Percentile by Number Answered
Your Score History
You have not taken this quiz since the last reset